| 000 | 01456nam a2200265 i 4500 | ||
|---|---|---|---|
| 001 | 153247 | ||
| 003 | ES-MaACL | ||
| 005 | 20230908121809.0 | ||
| 008 | 941129m17971798sp |||| | spa d | ||
| 100 | 1 |
_aConnelly, Tomás. _9126566 |
|
| 245 | 1 | 0 |
_aDiccionario nuevo de las dos lenguas española é inglesa en quatro tomos... = _bA new dictionary of the Spanish and English languages in four volumes / _ccompuesto por... = compiled by Tomas Connelly... y Tomas Higgins ; parte primera, tomo I [-parte segunda, tomo II] = part the first, volume I [-part the second, volume II]. |
| 246 | 3 | _aDiccionario nuevo y completo de las lenguas españolas e inglesa, inglesa y española... | |
| 260 |
_aMadrid : _ben la Imprenta Real por D. Pedro Julian Pereyra., _c1797-1798. |
||
| 300 |
_a4 v. ([16], 956, [3] p. ; [4], 1097, [2] p. ; [8], 724, [1] p. ; [6], 671, [1] p.) ; _c4º. |
||
| 530 | _aDisponible en formato digital. | ||
| 546 | _aTexto en español e inglés. | ||
| 650 | 4 |
_aLengua española- _vDiccionarios- _xInglés. _914142 |
|
| 650 | 4 |
_aLengua inglesa- _vDiccionarios- _xEspañol. _914270 |
|
| 700 | 1 |
_aHiggins, Tomás. _9127980 |
|
| 740 | 2 | 2 | _aA new dictionary of the Spanish and English languages in four volumes. |
| 852 | 4 |
_aES-MaACL _9158824 _jR-166-69 _dOlim: B-4734-7 _zEncuadernación en pasta |
|
| 856 | 4 |
_uhttp://bdh-rd.bne.es/viewer.vm?id=0000015526&page=1 _zBiblioteca Digital Hispánica |
|
| 942 | _2udc | ||
| 999 |
_c153247 _d153247 |
||